000 00820nab a2200241 u 4500
001 16713
003 HDC
007 cr bn ---aaaaa
008 210221c20110804my dr|noo 0 a eng d
040 _aHDC
245 0 _aMalaysia: Jakim must carry out thorough tests before rejecting applications
260 _a[No place] :
_b[publisher not identified],
_c2011
336 _atext
_2rdacontent
337 _acomputer
_2rdamedia
338 _aonline resource
_2rdacarrier
650 _ahalal certificates
_911254
650 _aHalal food producers
_916422
710 _aHalal Focus
856 _zRequest full-text at [email protected]
942 _2lcc
942 _cNEWS
942 _kNWSO 005747
999 _c14029
_d14029